| 000 | nam a22 7a 4500 | ||
|---|---|---|---|
| 999 |
_c126680 _d126680 |
||
| 008 | 170817b xxu||||| |||| 00| 0 eng d | ||
| 020 | _a9780567086648 | ||
| 050 | _aB53.P48 | ||
| 100 |
_aPhilippe, Marie-Dominique _934838 |
||
| 245 |
_aRetracing Reality _ba philosophical itinerary _cMarie-Dominique Philippe and translated by The Brothers of St. John |
||
| 260 |
_aScotland _bT and T Clark _c1999 |
||
| 300 |
_a178p. ; _c22cm. |
||
| 650 |
_aMetaphysics _934839 |
||
| 650 |
_aOntology _934840 |
||
| 650 |
_aChristian Philosophy _917920 |
||
| 700 |
_aThe Brothers of St John _etr. _934933 |
||
| 942 |
_2lcc _cMONOGRAPH |
||